| 000 | 00506nam a2200169Ia 4500 | ||
|---|---|---|---|
| 003 | OSt | ||
| 005 | 20200625113000.0 | ||
| 008 | 190216s9999||||xx |||||||||||||| ||und|| | ||
| 020 | _a5010011433 | ||
| 040 | _coclc | ||
| 082 |
_a954.042 _bMAR/J |
||
| 100 |
_aMartyshin, Orest _93231 |
||
| 245 | 0 |
_aJawaharlal Nehru And His Political Views / _cOrest Martyshin |
|
| 260 |
_bProgress Publishers, _c1989. _aMoscow: |
||
| 300 | _a374p | ||
| 942 |
_cBK _2ddc _h954.042 _iMAR/J _k954.042 _mMAR/J |
||
| 999 |
_c20259 _d20259 |
||